Basic pulse circuits

The topics coverred are mainly those which comprise the subject matter taught in the senior term of the electronic technician course at RCA Intitutes.

Đã lưu trong:
書目詳細資料
主要作者: Blitzer, Richard
格式: 圖書
語言:Undetermined
出版: New York McGraw-Hill 1964
主題:
標簽: 添加標簽
沒有標簽, 成為第一個標記此記錄!
Thư viện lưu trữ: Trung tâm Học liệu Trường Đại học Cần Thơ
LEADER 00640nam a2200193Ia 4500
001 CTU_219524
008 210402s9999 xx 000 0 und d
082 |a 621.3815 
082 |b B649 
100 |a Blitzer, Richard 
245 0 |a Basic pulse circuits 
245 0 |c Richard Blitzer 
260 |a New York 
260 |b McGraw-Hill 
260 |c 1964 
520 |a The topics coverred are mainly those which comprise the subject matter taught in the senior term of the electronic technician course at RCA Intitutes. 
650 |a Pulse circuits,Mạch xung 
904 |i Trúc 
980 |a Trung tâm Học liệu Trường Đại học Cần Thơ